[Event "Angers op 11th"]
[Site "Angers"]
[Date "2016.05.07"]
[Round "3"]
[White "Leturc, Johan"]
[Black "Philippe, Guillaume"]
[Result "0-1"]
[WhiteElo "1563"]
[BlackElo "2305"]
[PlyCount "58"]
[EventDate "2016.05.06"]
[EventType "swiss"]
[EventRounds "6"]
[EventCountry "FRA"]
[SourceTitle "CBM 172 Extra"]
[Source "ChessBase"]
[SourceDate "2016.06.21"]
[SourceVersion "1"]
[SourceVersionDate "2016.06.21"]
[SourceQuality "1"]

1. e4 d6 2. d4 Nf6 3. Bd3 g6 4. f4 Bg7 5. c4 0-0 6. Nf3 c5 7. d5 b5 8. b3 bxc4 9. bxc4 Nxe4 10. Bxe4 Bxa1 11. 0-0 Bg7 12. Nh4 Nd7 13. g3 Rb8 14. f5 Ne5 15. Qc2 e6 16. dxe6 fxe6 17. fxg6 Rxf1+ 18. Kxf1 hxg6 19. Bxg6 Qf6+ 20. Kg1 Nxg6 21. Nxg6 Bb7 22. Nf4 Rf8 23. Nd2 e5 24. Bb2 Qf7 25. Nd5 Qf2+ 26. Kh1 Qe1+ 27. Kg2 Qe2+ 28. Kg1 Bxd5 29. cxd5 Rf1+ 0-1

[Event "Cholet-D"]
[Site "Cholet"]
[Date "2011.03.05"]
[Round "1"]
[White "Hazarabedian, Guy"]
[Black "Leturc, Johan"]
[Result "1-0"]
[WhiteElo "1531"]
[BlackElo "1400"]
[PlyCount "84"]
[EventDate "2011.03.05"]
[EventType "tourn"]
[EventRounds "9"]
[EventCountry "FRA"]
[SourceTitle "EXT 2012"]
[Source "ChessBase"]
[SourceDate "2011.11.24"]
[SourceVersion "1"]
[SourceVersionDate "2011.11.24"]
[SourceQuality "1"]

1. d4 d5 2. Nf3 Nc6 3. c3 Nf6 4. e3 Bf5 5. Bd3 Bxd3 6. Qxd3 Nd7 7. 0-0 e5 8. dxe5 Ndxe5 9. Nxe5 Nxe5 10. Qb5+ c6 11. Qxb7 a5 12. Qb3 a4 13. Qd1 Bd6 14. Qe2 0-0 15. Nd2 a3 16. b3 c5 17. Nf3 Nxf3+ 18. Qxf3 Qh4 19. g3 Qg5 20. e4 dxe4 21. Qxe4 Qf6 22. Qc2 Rfe8 23. Be3 Qe6 24. c4 Qh3 25. Qd3 Bf8 26. Rad1 Re5 27. f4 Rh5 28. Rd2 h6 29. Qe4 Rd8 30. Qg2 Rxd2 31. Bxd2 Qxg2+ 32. Kxg2 g5 33. fxg5 hxg5 34. Bc1 g4 35. Bxa3 f5 36. Bc1 Bd6 37. Bf4 Rh6 38. Bxd6 Rxd6 39. Rxf5 Rd2+ 40. Rf2 Rxf2+ 41. Kxf2 Kf7 42. Ke3 Ke7 1-0